000 00435nam a2200145 i 4500
001 73035
003 ES-MaACL
007 t|
008 040906q1940 xxk ||||1| spa d
100 1 _aGoldscheider, Ludwig.
_957676
245 1 0 _aRetratos romanos /
_cLudwig Goldscheider.
260 _aLondres :
_bPhaidon Press,
_c[1940?] (
_fHarrison and Sons)
300 _a14 p., 120 lám. :
_bil. ;
_c37 cm.
852 _aES-MaACL
_jB-5919
_bR.25331
999 _c73035
_d73035